LEADER 01537nam 2200493 450 001 9910671701703321 005 20190110104332 010 $a958-774-614-7 035 $a(CKB)4100000005468094 035 $a(MiAaPQ)EBC5514171 035 $a(OCoLC)1105915131 035 $a(FlNmELB)ELB70667 035 $a(EXLCZ)994100000005468094 100 $a20190110d2018 uy 0 101 0 $aspa 135 $aurcnu|||||||| 181 $2rdacontent 182 $2rdamedia 183 $2rdacarrier 200 00$aAna?lisis de poli?ticas pu?blicas en Colombia $eenfoques y estudios de caso /$fJavier A. Pineda Duque (compilador) 210 1$aBogota? :$cUniversidad de los Andes,$d2018. 215 $a1 online resource (184 pa?ginas) $cilustraciones 225 1 $aInstituciones, paz y desarrollo 311 $a958-774-613-9 320 $aContiene referencias bibliogra?ficas. 410 0$aInstituciones, paz y desarrollo. 606 $aSocial integration$zColombia 606 $aPublic policy 606 $aIntegracio?n social 606 $aPoli?tica pu?blica 607 $aColombia 608 $aLibros electronicos. 615 0$aSocial integration 615 0$aPublic policy. 615 4$aIntegracio?n social. 615 4$aPoli?tica pu?blica. 676 $a986.10635 702 $aPineda Duque$b Javier A 801 0$bFINmELB 801 1$bFINmELB 906 $aBOOK 912 $a9910671701703321 996 $aAna?lisis de poli?ticas pu?blicas en Colombia$93047841 997 $aUNINA LEADER 01086nam a2200253 i 4500 001 991003049209707536 005 20020509111245.0 008 960614s1988 it ||1 | ita 020 $a8871040155 035 $ab11100898-39ule_inst 035 $aPARLA174097$9ExL 040 $aDip.to scienze storiche$bita 110 2 $aSocietā internazionale di studi francescani$0167009 245 12$aI francescani nel Trecento :$batti del 14. Convegno internazionale : Assisi, 16-17-18 ottobre 1986 /$cSocietā internazionale di studi francescani 260 $aPerugia :$bUniversitā degli studi ; Assisi : Centro di studi francescani,$c1988 300 $a216 p. :$bill. ;$c23 cm. 490 0 $aSISF convegni ;$v14 650 4$aFrancescani$ySec. 14.$xCongressi$y1986 907 $a.b11100898$b01-03-17$c28-06-02 912 $a991003049209707536 945 $aLE009 MSM VIII Coll. 18/14$g1$i2009000397972$lle009$o-$pE0.00$q-$rn$so $t0$u1$v0$w1$x0$y.i11235226$z28-06-02 996 $aFrancescani nel Trecento$9857434 997 $aUNISALENTO 998 $ale009$b01-01-96$cm$da $e-$fita$git $h2$i1